000 00247nam a2200097Ia 4500
001 689689
005 20250826161639.0
008 250824s9999 xx 000 0 und d
245 0 _aHER ŞEY SENİNLE BAŞLAR
_cMÜMİN SEKMAN
260 _bALFA YAYINLARI
999 _c689689
_d689689